000 00457nam a2200157Ia 4500
005 20250429105057.0
008 231217s9999 xx 000 0 und d
020 _a9780006383468
082 _a658.406 CHA;1 R
100 _aChampy, James.
245 0 _aReengineering management : the mandate for new leadership
260 _c1995
_bHarper collins
_aNew York
300 _axi+212
650 _aReengineering,management,mandate,leadership
942 _cAA
999 _c182495
_d182495